00338pab a2200133 454500008004000000100002800040245006800068260000900136300001300145362000800158650001100166650001000177773001700187180718b2003 xxu||||| |||| 00| 0 eng d asingh, Jija Madhavan H. aWomen leaders in police on international law enforcement issues c2003 ap.36-42. aApr aPolice aWomen aCBI Bulletin